=LDR 00000nam 2200000 4500 =001 000260 =005 20250710122718 =035 ##$$a 0010-0725000094 =245 1#$$a Maaf, Tapi Tidak! /$c Hamidah Jauhary =100 #$$a Jauhary, Hamidah =250 ##$$a edisi pertama =300 ##$$a 28 hlm. : $b ilus. ; $c 29,7 cm$e 398.209 598 =856 ##$$a TBM As Suhada =260 ##$$a Jakarta Timur :$b Badan pengembangan dan pembinaan bahasa,$c 2022 =082 ##$$a 398.209 598 =084 ##$$a 398.209 598 JAU m =020 ##$$a 978-623-194-660-7 =650 #4$$a Cerita Anak-indonesia =600 #4$$a Cerita bergambar =008 250710################a##########0#ind## =990 ##$$a TBM202500069